000 00517nam a22001457a 4500
003 MACL
005 20190421153809.0
008 190421b xxu||||| |||| 00| 0 eng d
040 _cMACL
100 _aस्‍वरूप,देवेन्‍द्र
_974351
245 _aगांधीजी हिंद स्‍वराज से नेहरू तक
260 _aनई दिल्‍ली
_bप्रभात प्रकाशन
_c2018
650 _aराजनीति
_974352
942 _2ddc
_cHIN
999 _c59402
_d59402